000 01055cam a22002891 4500
001 e 45000018
003 DLC
005 20260227111232.0
008 881108s1944 kyuaek b s000 0 eng c
010 _ae 45000018
035 _a(OCoLC)18723461
040 _aU.S. Off. of Educ. Library
_cMsU
_dDLC
042 _apremarc
050 0 0 _aL152
_b.B35 vol. 12, no. 5
082 _a371.716
110 1 _aKentucky.
_bDepartment of Education.
245 1 4 _aThe school lunch program.
260 _aFrankfort, Ky.,
_bDept. of Education,
_c1944.
300 _a[127]-157 p. incl. illus. (plan) forms.
_c23 cm.
490 1 _aIts Educational bulletin,
_vvol. XII, no. 5
500 _aAt head of title: Commonwealth of Kentucky.
500 _a"Revision of The school lunch program, commonwealth of Kentucky Educational bulletin, volume XI, no. 8."--Foreword.
504 _a"A few suggested references": p. 157.
650 0 _aSchool children
_xFood.
650 0 _aChildren
_xNutrition.
830 0 _aEducational bulletin (Frankfort, Ky.) ;
_vvol. XII, no. 5.
999 _c21998
_d21998